| 000 | 00361nam a2200145Ia 4500 | ||
|---|---|---|---|
| 003 | LK-CoDNM | ||
| 008 | 010623t1920 xxu||||| |||| 00| 1 eng d | ||
| 040 |
_aLK-CoDNM _dLK-CoDNM _eLK-CoDNM |
||
| 041 | _aeng | ||
| 080 |
_a50 _bC6 |
||
| 245 | _aKingswood College,kandy,news notes | ||
| 260 |
_bMiller Company _aKandy _c1920 |
||
| 300 | _b17P., 20 cm | ||
| 942 | _cBK | ||
| 999 |
_c89998 _d89998 |
||